000 01302nam a22003617a 4500
999 _c21471
_d21471
003 AR-CdUCM
008 190220b ||||| |||| 00| 0 spa d
020 _a9789972515729
040 _aMUNICIPALIDAD PROVINCIAL DEL CUSCO
_cBIBLIOTECA MUNICIPAL DEL CUSCO
082 _a338.985/A81
_bA81
100 _aHernández Asensio, Raúl
_944929
245 _aLos nuevos incas :
_bla economía política del desarrollo rural andino en Quispicanchi, 2000-2010) /
_cRaúl H. Asensio
260 _aLima :
_bInstituto de Estudios Peruanos, IEP,
_c2016.
300 _a435 páginas. :
_bilustraciones ;
_c23 cm.
440 _aSerie Estudios de la Sociedad Rural,
_n47.
_944922
500 _zBibliografía : p. [403]-435.
650 _aDesarrollo rural
_94384
650 _aInvestigación
_91940
650 _aGobierno municipal
_944923
650 _aCultura andina
_944924
650 _aHistoria
_944925
650 _aDivisión administrativa y política
_946850
650 _aPolítica y gobierno
_92693
650 _aCondiciones económicas
_944927
650 _aEstadística
_95668
650 _aPoblación
_93673
650 _aQuispicanchis
_99180
650 _aCusco
_9772
650 _aPerú
_944928
710 _aInstituto de Estudios Peruanos (Lima)
_99759
942 _2ddc
_cLIBROS
945 _aRoel